000 00398nam a2200145Ia 4500
008 151021s9999 xx 000 0 und d
020 _a1.3978007463e+014
050 _aTK7878.4.B681983
245 _a_Digital Instrumentation
260 _aindia McGraw-Hill 1983
300 _axii,339p.;ill.
500 _aIncludes Index
650 _a_Number Systems
980 _a^d20110106 11:40:31^okilerai
999 _c5803
_d5803